Statistics for Visual Rhymes #2

Click here to take the quiz!

General Stats

  • This quiz has been taken 149 times
  • The average score is 18 of 24

Answer Stats

Hint Answer % Correct
Arm or legLimb
95%
Go uphillClimb
94%
Without clothesNaked
94%
Made cookiesBaked
94%
Tent siteCamp
90%
Bottle stopperCork
88%
RelocateMove
87%
MarshlandSwamp
87%
Sour fruitLemon
86%
Evil spiritDemon
85%
EmploymentWork
85%
Zero, in tennisLove
85%
Female childDaughter
81%
The best medicine?Laughter
78%
Where the heart is?Home
74%
Page of a bookLeaf
72%
What Beethoven becameDeaf
72%
Winter garmentScarf
66%
Olympian, egAthlete
64%
DisgustingGross
62%
Draw nearCome
61%
PierWharf
56%
AngryCross
46%
Hacking toolMachete
30%

Score Distribution

Percentile by Number Answered

Percent of People with Each Score

Your Score History

You have not taken this quiz